Loading...
| History - World | 0 | 8 | 1 | 2 | 75 | 79 | 112.50 | 1 | 5 | 11.37 | 26.67 |
| History - European | 2 | 3 | 1 | 2 | 55 | 58 | 88.60 | 1 | 4 | 18.68 | 28.00 |
| Fine Arts - Painting and Sculpture | 0 | 3 | 1 | 1 | 25 | 93 | 127.67 | 0 | 3 | 5.70 | 17.00 |
| Current Events | 0 | 2 | 0 | 2 | 20 | 130 | 137.00 | 0 | 0 | 0.50 | 9.52 |
| History - American | 0 | 2 | 1 | 0 | 15 | 86 | 111.00 | 1 | 2 | 5.02 | 15.00 |
| Geography | 0 | 2 | 1 | 0 | 15 | 86 | 104.50 | 0 | 1 | 6.92 | 10.83 |
| Philosophy | 0 | 2 | 1 | 2 | 15 | 144 | 144.50 | 0 | 1 | 0.14 | 3.67 |
| Science - Biology | 0 | 1 | 0 | 1 | 10 | 131 | 131.00 | 0 | 1 | 0.08 | 2.00 |
| Science - Physics | 0 | 1 | 0 | 0 | 10 | 124 | 124.00 | 0 | 0 | 0.08 | 1.67 |
| Short Fiction and Other | 0 | 1 | 0 | 1 | 10 | 140 | 140.00 | 0 | 0 | 1.04 | 2.38 |
| Social Science | 0 | 1 | 1 | 1 | 5 | 142 | 142.00 | 0 | 0 | 0.68 | 3.33 |
| Fine Arts - Classical Music | 0 | 0 | 0 | 0 | 0 | 0.00 | 0 | 0 | 0.00 | 0.00 | |
| Other Academic | 0 | 0 | 0 | 0 | 0 | 0.00 | 0 | 0 | 0.00 | 0.00 | |
| Religion | 0 | 0 | 0 | 0 | 0 | 0.00 | 0 | 0 | 0.00 | 0.00 | |
| History - Other | 0 | 0 | 2 | 0 | -10 | 0.00 | 0 | 0 | 0.00 | 0.00 |